Statistics for NBA Sixth Man of the Year Winners

Click here to take the quiz!

General Stats

  • This quiz has been taken 24 times
  • The average score is 12 of 16

Answer Stats

Answer% Correct
Manu Ginóbili
100%
James Harden
96%
Tyler Herro
92%
Lou Williams
88%
Lamar Odom
83%
Naz Reid
83%
Jamal Crawford
79%
Jordan Clarkson
79%
J. R. Smith
79%
Malcolm Brogdon
79%
Eric Gordon
75%
Jason Terry
75%
Mike Miller
67%
Montrezl Harrell
67%
Leandro Barbosa
38%
Antawn Jamison
29%

Score Distribution

Percentile by Number Answered

Percent of People with Each Score

Your Score History

You have not taken this quiz